00440 2200157 4500245006100000020002200061250001000083100001700093005001900110260003700129041001400166084000800180500004400188490004100232336000900273 aWORLD HERITAGE NATURE&CULTURE VOL.02cAGUS SANTOSOhText a978-979-15107-3-8 aCet.1 aAGUS SANTOSO a20240828085720 aJakartabBATARA PUBLISHINGc2009 aIndonesia a959 aDaftar Isi : Afrika utara, Timur tengah aWORLD HERITAGE NATURE&CULTURE VOL.02 atext